<?xml version="1.0" encoding="UTF-8"?><?xml-stylesheet type="text/xsl" href="static/style.xsl"?><OAI-PMH xmlns="http://www.openarchives.org/OAI/2.0/" xmlns:xsi="http://www.w3.org/2001/XMLSchema-instance" xsi:schemaLocation="http://www.openarchives.org/OAI/2.0/ http://www.openarchives.org/OAI/2.0/OAI-PMH.xsd"><responseDate>2026-04-17T12:33:23Z</responseDate><request verb="GetRecord" identifier="oai:www.recercat.cat:10459.1/465150" metadataPrefix="marc">https://recercat.cat/oai/request</request><GetRecord><record><header><identifier>oai:recercat.cat:10459.1/465150</identifier><datestamp>2024-12-05T21:48:25Z</datestamp><setSpec>com_2072_3622</setSpec><setSpec>col_2072_479130</setSpec></header><metadata><record xmlns="http://www.loc.gov/MARC21/slim" xmlns:dcterms="http://purl.org/dc/terms/" xmlns:xsi="http://www.w3.org/2001/XMLSchema-instance" xmlns:doc="http://www.lyncode.com/xoai" xsi:schemaLocation="http://www.loc.gov/MARC21/slim http://www.loc.gov/standards/marcxml/schema/MARC21slim.xsd">
   <leader>00925njm 22002777a 4500</leader>
   <datafield ind2=" " ind1=" " tag="042">
      <subfield code="a">dc</subfield>
   </datafield>
   <datafield ind2=" " ind1=" " tag="720">
      <subfield code="a">Mizab Mellah, Chadia</subfield>
      <subfield code="e">author</subfield>
   </datafield>
   <datafield ind2=" " ind1=" " tag="260">
      <subfield code="c">2024-02-23T13:46:47Z</subfield>
   </datafield>
   <datafield ind2=" " ind1=" " tag="260">
      <subfield code="c">2024-02-23T13:46:47Z</subfield>
   </datafield>
   <datafield ind2=" " ind1=" " tag="260">
      <subfield code="c">2024-01-16</subfield>
   </datafield>
   <datafield ind2=" " ind1=" " tag="520">
      <subfield code="a">En aquesta Tesi Doctoral hem aprofundit en l’impacte negatiu de la diabetis sobre el pulmó: &#xd;
(I) Avaluació de la funció pulmonar: estudi on mostrem com els pacients amb DM tipus 1 presenten una reducció dels paràmetres de funció pulmonar i la dosi d’insulina va ser l’única variable associada. &#xd;
(II) Estudi de la sensació dispneica en DM tipus 2: estudi de casos i controls. Mitjançant l’escala de dispnea modificada del Medical Research Council mostrem com els pacients amb DM tipus 2 presenten major sensació dispneica. Amb el qüestionari Respiratori de Saint George no es confirmen aquests resultats.&#xd;
(III) Anàlisi de la sensació dispneica en DM tipus 1 de llarga evolució: estudi de casos i controls. Els qüestionaris mMRC i SGRQ no confirmen l’augment de la sensació dispneica en els pacients, però amb el SGQR observem menor puntuació.&#xd;
(IV) Canvis en la qualitat del son després d’iniciar un sistema de nansa tancada híbrida: estudi prospectiu amb DM tipus 1, on s’avalua mitjançant l’índex de qualitat del son de Pittsburgh a l’inici i als 6 mesos de seguiment. En els pacients amb una mala qualitat del son basal, aquesta millora significativament.</subfield>
   </datafield>
   <datafield ind2=" " ind1=" " tag="520">
      <subfield code="a">En esta Tesis Doctoral hemos profundizado en el impacto negativo de la diabetes sobre el pulmón:&#xd;
(I) Evaluación de la función pulmonar: estudio donde mostramos cómo los pacientes con DM tipo 1 presentan una reducción de los parámetros de función pulmonar y la dosis de insulina fue la única variable asociada.&#xd;
(II) Estudio de la sensación disneica en DM tipo 2: estudio de casos y controles. Mediante la escala de disnea modificada del Medical Research Council mostramos cómo los pacientes con DM tipo 2 presentan mayor sensación disneica. Con el cuestionario Respiratorio de Saint George no se confirman estos resultados.&#xd;
(III) Análisis de la sensación disneica en DM tipo 1 de larga evolución: estudio de casos y controles. Los cuestionarios mMRC y SGRQ no confirman el aumento de la sensación disneica en los pacientes, pero con el SGQR observamos menor puntuación.&#xd;
(IV) Cambios en la calidad del sueño después de iniciar un sistema de asa cerrada híbrida: estudio prospectivo con DM tipo 1, donde se evalúa mediante el índice de calidad del sueño de Pittsburgh al inicio ya los 6 meses de seguimiento. En los pacientes con una mala calidad del sueño basal, ésta mejora significativamente.</subfield>
   </datafield>
   <datafield ind2=" " ind1=" " tag="520">
      <subfield code="a">In this Doctoral Thesis we delved into the negative impact of diabetes on the lungs:&#xd;
(I) Evaluation of pulmonary function: study where we show how patients with type 1 diabetes presented a reduction in pulmonary function parameters, and insulin dose was the only associated variable.&#xd;
(II) Study of the dyspneic sensation in type 2 diabetes: case and control study. Using the modified Medical Research Council dyspnoea scale, we show how patients with type 2 diabetes had a greater sensation of dyspnea. These results are not confirmed with the Saint George Respiratory questionnaire.&#xd;
(III) Assessment of dyspnoeic sensation in with long-term type 1 diabetes: case and control study. The mMRC and SGRQ questionnaires do not confirm the increase in the dyspneic sensation in the patients, but they had a lower score in the SGQR.&#xd;
(IV) Changes in sleep quality after starting a closed-loop hybrid system: prospective study in type 1 diabetes, assessed using the Pittsburgh Sleep Quality Index at baseline and at 6 months follow-up. In patients with poor baseline sleep quality, there was a significant improvement.</subfield>
   </datafield>
   <datafield ind1="8" ind2=" " tag="024">
      <subfield code="a">http://hdl.handle.net/10459.1/465150</subfield>
   </datafield>
   <datafield tag="653" ind2=" " ind1=" ">
      <subfield code="a">Diabetis</subfield>
   </datafield>
   <datafield tag="653" ind2=" " ind1=" ">
      <subfield code="a">Pulmó</subfield>
   </datafield>
   <datafield tag="653" ind2=" " ind1=" ">
      <subfield code="a">Dispnea</subfield>
   </datafield>
   <datafield tag="653" ind2=" " ind1=" ">
      <subfield code="a">Diabetes</subfield>
   </datafield>
   <datafield tag="653" ind2=" " ind1=" ">
      <subfield code="a">Pulmón</subfield>
   </datafield>
   <datafield tag="653" ind2=" " ind1=" ">
      <subfield code="a">Disnea</subfield>
   </datafield>
   <datafield tag="653" ind2=" " ind1=" ">
      <subfield code="a">Lung</subfield>
   </datafield>
   <datafield tag="653" ind2=" " ind1=" ">
      <subfield code="a">Dyspnoea</subfield>
   </datafield>
   <datafield tag="653" ind2=" " ind1=" ">
      <subfield code="a">Medicina</subfield>
   </datafield>
   <datafield tag="653" ind2=" " ind1=" ">
      <subfield code="a">616.4</subfield>
   </datafield>
   <datafield ind2="0" ind1="0" tag="245">
      <subfield code="a">Profunditzant en l’impacte negatiu de la diabetis mellitus tipus 1 i tipus 2 en la funció pulmonar i respiració nocturna</subfield>
   </datafield>
</record></metadata></record></GetRecord></OAI-PMH>